000 00342nam a22001577a 4500
003 SGT
020 _a0-19-561625-1
082 _a612, S15K
100 _aKEELE, CYNIL A.
245 _aSAMSON WRIGHTS APPLIED PHYSIOLOGY
250 _a13TH
260 _aINDIA
_bOXFORD
_c2015
300 _a613
650 _aPHYSIOLOGY
942 _2ddc
_cBK
_01
999 _c9039
_d9039